[Event "Kiel op 25th"]
[Site "Kiel"]
[Date "2012.07.29"]
[Round "3"]
[White "Dieball, Cai"]
[Black "Buecker, Timo"]
[Result "1/2-1/2"]
[WhiteElo "1912"]
[BlackElo "1894"]
[PlyCount "151"]
[EventDate "2012.07.28"]
[EventType "swiss"]
[EventRounds "9"]
[EventCountry "GER"]
[SourceTitle "EXT 2015"]
[Source "ChessBase"]
[SourceDate "2014.11.20"]
[SourceVersion "1"]
[SourceVersionDate "2014.11.20"]
[SourceQuality "1"]

1. d4 e6 2. e4 d5 3. Nc3 dxe4 4. Nxe4 Bd7 5. Nf3 Bc6 6. Bd3 Nd7 7. 0-0 Ngf6 8. Ng3 Bxf3 9. Qxf3 c6 10. Re1 Be7 11. c3 a5 12. Bg5 h6 13. Bd2 Qb6 14. Rab1 0-0 15. Nf5 Rfe8 16. Nxh6+ gxh6 17. Bxh6 Bf8 18. Qg3+ Kh8 19. Qh4 Bxh6 20. Qxh6+ Kg8 21. Re3 Ng4 22. Qg5+ Kf8 23. Qxg4 Nf6 24. Qg5 Qd8 25. Rh3 Ng8 26. Qc5+ Qe7 27. Qe5 Qf6 28. Re1 Red8 29. Rh8 Ke7 30. Qxf6+ Nxf6 31. Rxd8 Rxd8 32. Re5 b6 33. Bf1 Ng4 34. Re1 c5 35. dxc5 bxc5 36. Be2 Nf6 37. Rd1 Rb8 38. Rd2 Ne4 39. Rc2 Rd8 40. f3 Nf6 41. Kf2 Nd5 42. Rd2 Rh8 43. h3 Rg8 44. g3 Rh8 45. Bf1 a4 46. h4 f5 47. Bc4 Nb6 48. Bb5 f4 49. Re2 fxg3+ 50. Kxg3 Kf6 51. Re4 Rg8+ 52. Kf2 a3 53. bxa3 Nd5 54. Bc4 Ra8 55. a4 Nxc3 56. Rxe6+ Kf5 57. Rc6 Nxa4 58. Bb3 Kf4 59. Rf6+ Ke5 60. Re6+ Kf5 61. Re7 Nc3 62. Rc7 Ra5 63. Rc6 Kf4 64. Rg6 Nxa2 65. Rg4+ Ke5 66. Ra4 Rxa4 67. Bxa4 Nc3 68. Bc2 Nd5 69. h5 Kf6 70. h6 Nc7 71. Ke3 Ne6 72. f4 Nxf4 73. Kxf4 Kf7 74. Kg5 Kg8 75. Kg6 c4 76. Be4 1/2-1/2

[Event "Kiel op 25th"]
[Site "Kiel"]
[Date "2012.07.29"]
[Round "4"]
[White "Rohmann, Volker"]
[Black "Dieball, Cai"]
[Result "1/2-1/2"]
[WhiteElo "1898"]
[BlackElo "1912"]
[PlyCount "50"]
[EventDate "2012.07.28"]
[EventType "swiss"]
[EventRounds "9"]
[EventCountry "GER"]
[SourceTitle "EXT 2015"]
[Source "ChessBase"]
[SourceDate "2014.11.20"]
[SourceVersion "1"]
[SourceVersionDate "2014.11.20"]
[SourceQuality "1"]

1. e4 e6 2. d4 d5 3. e5 c5 4. c3 Qb6 5. Nf3 Bd7 6. Be2 Bb5 7. 0-0 Bxe2 8. Qxe2 Nc6 9. Be3 cxd4 10. cxd4 Nge7 11. Nc3 Nf5 12. Rfd1 Be7 13. Rac1 0-0 14. g4 Nxe3 15. fxe3 f6 16. exf6 Rxf6 17. Kh1 Raf8 18. Rf1 Qd8 19. Nd2 Rxf1+ 20. Rxf1 Bg5 21. Rxf8+ Qxf8 22. Kg2 Qf7 23. Nf3 Bf6 24. Qd3 Qd7 25. h3 h6 1/2-1/2

[Event "Kiel op 25th"]
[Site "Kiel"]
[Date "2012.07.28"]
[Round "2"]
[White "Hebbering, Tom Elliot"]
[Black "Dieball, Cai"]
[Result "1/2-1/2"]
[WhiteElo "1929"]
[BlackElo "1912"]
[PlyCount "48"]
[EventDate "2012.07.28"]
[EventType "swiss"]
[EventRounds "9"]
[EventCountry "GER"]
[SourceTitle "EXT 2015"]
[Source "ChessBase"]
[SourceDate "2014.11.20"]
[SourceVersion "1"]
[SourceVersionDate "2014.11.20"]
[SourceQuality "1"]

1. d4 Nf6 2. c4 g6 3. g3 Bg7 4. Bg2 0-0 5. Nc3 d6 6. Nf3 Nbd7 7. 0-0 e5 8. e4 exd4 9. Nxd4 Re8 10. h3 a6 11. Be3 Rb8 12. Qc2 Ne5 13. b3 c5 14. Nde2 b5 15. f4 Ned7 16. Rad1 Qe7 17. g4 b4 18. Nd5 Nxd5 19. cxd5 a5 20. Ng3 Ba6 21. Rf2 Rbc8 22. e5 dxe5 23. d6 Qd8 24. Bd5 Rf8 1/2-1/2

[Event "Schleswig Holstein-ch U16"]
[Site "Neumuenster"]
[Date "2011.04.29"]
[Round "7.5"]
[White "Dieball, Cai"]
[Black "Funk, Moritz"]
[Result "1/2-1/2"]
[WhiteElo "1836"]
[BlackElo "1653"]
[PlyCount "47"]
[EventDate "2011.04.25"]
[EventType "tourn"]
[EventRounds "9"]
[EventCountry "GER"]
[SourceTitle "EXT 2022"]
[Source "ChessBase"]
[SourceDate "2021.10.06"]
[SourceVersion "1"]
[SourceVersionDate "2021.10.06"]
[SourceQuality "1"]

1. e4 e6 2. d4 d5 3. Nc3 Nf6 4. e5 Nfd7 5. f4 c5 6. Nf3 Nc6 7. Be3 cxd4 8. Nxd4 Bc5 9. Qd2 a6 10. 0-0-0 Bxd4 11. Bxd4 f6 12. exf6 Nxf6 13. g4 0-0 14. g5 Ne8 15. h4 Nxd4 16. Qxd4 Qc7 17. Ne2 Bd7 18. Bh3 Rc8 19. c3 Nd6 20. Rhf1 Nf5 21. Bxf5 Rxf5 22. Qd2 Bb5 23. Nd4 Rff8 24. Rfe1 1/2-1/2

[Event "Schleswig Holstein-ch U16"]
[Site "Neumuenster"]
[Date "2011.04.27"]
[Round "4.2"]
[White "Dieball, Cai"]
[Black "Pommerenke, Birger"]
[Result "1-0"]
[WhiteElo "1836"]
[BlackElo "1736"]
[PlyCount "137"]
[EventDate "2011.04.25"]
[EventType "tourn"]
[EventRounds "9"]
[EventCountry "GER"]
[SourceTitle "EXT 2022"]
[Source "ChessBase"]
[SourceDate "2021.10.06"]
[SourceVersion "1"]
[SourceVersionDate "2021.10.06"]
[SourceQuality "1"]

1. d4 d5 2. c4 c6 3. Nf3 Nf6 4. Nc3 g6 5. e3 Bg7 6. Be2 0-0 7. 0-0 Bg4 8. Qb3 b6 9. h3 Bxf3 10. Bxf3 e6 11. Bd2 Nbd7 12. Rac1 Rc8 13. cxd5 Nxd5 14. Nxd5 cxd5 15. Bb4 Re8 16. Be2 Bf8 17. Bb5 Bxb4 18. Qxb4 Rf8 19. Qa4 Nf6 20. Rxc8 Qxc8 21. Qxa7 Qc2 22. Qa3 Ne4 23. Bd3 Qd2 24. Bxe4 dxe4 25. Qc3 Qxc3 26. bxc3 Ra8 27. Rb1 Rxa2 28. Rxb6 Rc2 29. Rc6 h5 30. g3 Kg7 31. c4 g5 32. c5 Kh7 33. Rb6 Kg7 34. Rb1 g4 35. h4 Kh7 36. Kf1 Kg7 37. Ke1 Kh7 38. Rd1 Kg7 39. Rd2 Rc1+ 40. Ke2 Kf6 41. Ra2 Ke7 42. Ra8 Rc2+ 43. Ke1 Rb2 44. Rh8 Rb1+ 45. Ke2 Rb2+ 46. Kf1 Rb1+ 47. Kg2 f5 48. Rxh5 Kf7 49. Rh7+ Kg6 50. Ra7 Rc1 51. Ra6 Kf7 52. h5 e5 53. h6 exd4 54. h7 Kg7 55. Ra7+ Kh8 56. exd4 e3 57. fxe3 Rc2+ 58. Kf1 f4 59. gxf4 g3 60. d5 g2+ 61. Kg1 Rc1+ 62. Kxg2 Rg1+ 63. Kf3 Rg3+ 64. Ke4 Rxe3+ 65. Kf5 Re5+ 66. Kf6 Rf5+ 67. Ke7 Rxd5 68. Ra8+ Kxh7 69. c6 1-0

[Event "Schleswig Holstein-ch U16"]
[Site "Neumuenster"]
[Date "2011.04.26"]
[Round "3.4"]
[White "Birkhahn, Mattis"]
[Black "Dieball, Cai"]
[Result "1/2-1/2"]
[WhiteElo "1323"]
[BlackElo "1836"]
[PlyCount "37"]
[EventDate "2011.04.25"]
[EventType "tourn"]
[EventRounds "9"]
[EventCountry "GER"]
[SourceTitle "EXT 2022"]
[Source "ChessBase"]
[SourceDate "2021.10.06"]
[SourceVersion "1"]
[SourceVersionDate "2021.10.06"]
[SourceQuality "1"]

1. c4 f5 2. Nc3 Nf6 3. g3 g6 4. Bg2 Bg7 5. Nf3 d6 6. d3 0-0 7. 0-0 e5 8. Bd2 Nc6 9. Rb1 h6 10. b4 Be6 11. Ne1 d5 12. cxd5 Nxd5 13. a3 Kh7 14. Nc2 Qd7 15. Ne3 Nxe3 16. fxe3 Rae8 17. Rc1 g5 18. Na4 Qf7 19. Nc5 1/2-1/2

[Event "Schleswig Holstein-ch U16 M"]
[Site "Neumuenster"]
[Date "2010.04.07"]
[Round "4"]
[White "Krause, Jonah"]
[Black "Dieball, Cai"]
[Result "1/2-1/2"]
[WhiteElo "1840"]
[BlackElo "1734"]
[PlyCount "66"]
[EventDate "2010.04.05"]
[EventType "tourn"]
[EventRounds "9"]
[EventCountry "GER"]
[SourceTitle "EXT 2023"]
[Source "ChessBase"]
[SourceDate "2022.10.05"]
[SourceVersion "1"]
[SourceVersionDate "2022.10.05"]
[SourceQuality "1"]

1. d4 Nf6 2. Nf3 g6 3. c4 Bg7 4. Nc3 0-0 5. e4 d6 6. Be2 e5 7. dxe5 dxe5 8. Qxd8 Rxd8 9. Bg5 Re8 10. 0-0-0 h6 11. Bh4 c6 12. Rd2 Na6 13. Ne1 Be6 14. Nc2 Rad8 15. Rhd1 Rxd2 16. Rxd2 Re7 17. Rd8+ Kh7 18. f3 Rc7 19. Rd1 Rd7 20. Rxd7 Nxd7 21. Bf2 b6 22. b4 Nc7 23. a4 Bf8 24. b5 c5 25. Ne3 Ne8 26. Kc2 Be7 27. Kb3 Bd8 28. Ncd5 Kg7 29. Be1 f6 30. Bc3 Bf7 31. Bf1 Be6 32. g3 Nd6 33. Bg2 g5 1/2-1/2

[Event "Kiel Cup U18"]
[Site "Kiel"]
[Date "2008.10.19"]
[Round "7.7"]
[White "Stolberg, Daniel"]
[Black "Dieball, Cai"]
[Result "1/2-1/2"]
[WhiteElo "1466"]
[BlackElo "1308"]
[PlyCount "36"]
[EventDate "2008.10.16"]
[EventType "team-swiss"]
[EventRounds "7"]
[EventCountry "GER"]
[SourceTitle "EXT 2011"]
[Source "ChessBase"]
[SourceDate "2010.11.26"]
[SourceVersion "1"]
[SourceVersionDate "2010.11.26"]
[SourceQuality "1"]

1. b4 d5 2. Bb2 e6 3. e3 Nf6 4. a3 Be7 5. Nf3 Nbd7 6. c4 c6 7. cxd5 cxd5 8. Be2 0-0 9. 0-0 a6 10. Ne5 Nxe5 11. Bxe5 Bd6 12. Bxd6 Qxd6 13. d4 Bd7 14. Nd2 Rac8 15. Rc1 Rxc1 16. Qxc1 Rc8 17. Qb2 h6 18. Rc1 Rxc1+ 1/2-1/2

[Event "Kiel Cup U18"]
[Site "Kiel"]
[Date "2008.10.18"]
[Round "6.3"]
[White "Dieball, Cai"]
[Black "Hoeger, Bastian"]
[Result "0-1"]
[WhiteElo "1308"]
[BlackElo "1772"]
[PlyCount "48"]
[EventDate "2008.10.16"]
[EventType "team-swiss"]
[EventRounds "7"]
[EventCountry "GER"]
[SourceTitle "EXT 2011"]
[Source "ChessBase"]
[SourceDate "2010.11.26"]
[SourceVersion "1"]
[SourceVersionDate "2010.11.26"]
[SourceQuality "1"]

1. d4 Nf6 2. Nf3 g6 3. c4 Bg7 4. Nc3 0-0 5. e4 d6 6. Be2 e5 7. d5 a5 8. 0-0 Na6 9. h3 b6 10. Be3 Nd7 11. Qd2 Nac5 12. Bh6 f5 13. Bxg7 Kxg7 14. exf5 Rxf5 15. Qc2 Na6 16. Bd3 Nb4 17. Qd2 Nxd3 18. Qxd3 Nc5 19. Qc2 Bd7 20. Rae1 Rxf3 21. gxf3 Bxh3 22. Kh2 Bxf1 23. Rxf1 Qh4+ 24. Kg2 Qxc4 0-1

[Event "Schleswig Holstein-ch U14 MT"]
[Site "Neumuenster"]
[Date "2008.03.30"]
[Round "9"]
[White "Marx, Inge"]
[Black "Dieball, Cai"]
[Result "1-0"]
[WhiteElo "1536"]
[BlackElo "1062"]
[PlyCount "65"]
[EventDate "2008.03.24"]
[EventType "tourn"]
[EventRounds "9"]
[EventCountry "GER"]
[SourceTitle "EXT 2009"]
[Source "ChessBase"]
[SourceDate "2008.11.26"]
[SourceVersion "1"]
[SourceVersionDate "2008.11.26"]
[SourceQuality "1"]

1. e4 c5 2. Nf3 Nc6 3. d4 cxd4 4. Nxd4 e5 5. Nb5 d6 6. c4 a6 7. N5c3 Be6 8. Be2 h6 9. Be3 Nf6 10. Na3 Be7 11. 0-0 0-0 12. Nc2 Qc7 13. f3 Rad8 14. Nd5 Bxd5 15. cxd5 Nb8 16. Rc1 Nbd7 17. Nd4 Qb8 18. Nf5 Rfe8 19. Qc2 Bf8 20. Qc7 Qxc7 21. Rxc7 b5 22. Rfc1 h5 23. R1c6 Nb8 24. Rb6 Rd7 25. Rbb7 Rxc7 26. Rxc7 Nfd7 27. Bd2 Rd8 28. Bb4 g6 29. Nxd6 a5 30. Nb7 Bxb4 31. Nxd8 Bc5+ 32. Kf1 b4 33. Bb5 1-0

[Event "Schleswig Holstein-ch U14 MT"]
[Site "Neumuenster"]
[Date "2008.03.26"]
[Round "4"]
[White "Dieball, Cai"]
[Black "Krause, Jonah"]
[Result "0-1"]
[WhiteElo "1062"]
[BlackElo "1328"]
[PlyCount "46"]
[EventDate "2008.03.24"]
[EventType "tourn"]
[EventRounds "9"]
[EventCountry "GER"]
[SourceTitle "EXT 2009"]
[Source "ChessBase"]
[SourceDate "2008.11.26"]
[SourceVersion "1"]
[SourceVersionDate "2008.11.26"]
[SourceQuality "1"]

1. d4 d5 2. Nf3 Nf6 3. Bf4 Bf5 4. e3 e6 5. c4 c6 6. Nc3 Bb4 7. Qb3 Bxc3+ 8. bxc3 Qb6 9. Qxb6 axb6 10. Nd2 Nbd7 11. Be2 0-0 12. 0-0 Ra7 13. cxd5 Nxd5 14. Bd6 Rfa8 15. e4 Nxc3 16. exf5 Nxe2+ 17. Kh1 Nxd4 18. fxe6 Nxe6 19. a3 Ndc5 20. Nc4 b5 21. Nd2 Rd8 22. Bxc5 Nxc5 23. Rfe1 Raa8 0-1

[Event "Schleswig Holstein-ch U14 MT"]
[Site "Neumuenster"]
[Date "2008.03.25"]
[Round "3"]
[White "Dieball, Cai"]
[Black "Oltzen, Aljoscha"]
[Result "1/2-1/2"]
[WhiteElo "1062"]
[BlackElo "1255"]
[PlyCount "97"]
[EventDate "2008.03.24"]
[EventType "tourn"]
[EventRounds "9"]
[EventCountry "GER"]
[SourceTitle "EXT 2009"]
[Source "ChessBase"]
[SourceDate "2008.11.26"]
[SourceVersion "1"]
[SourceVersionDate "2008.11.26"]
[SourceQuality "1"]

1. d4 e6 2. Nf3 d5 3. Bf4 c5 4. c3 Nc6 5. e3 cxd4 6. cxd4 Bd6 7. Bg3 Bxg3 8. hxg3 Nf6 9. Nbd2 Bd7 10. a3 a5 11. Bd3 Rc8 12. Rc1 Na7 13. Rc2 Rxc2 14. Qxc2 Qc8 15. Qxc8+ Nxc8 16. Ne5 Ke7 17. Ndf3 Nd6 18. g4 Bb5 19. Bxb5 Nxb5 20. g5 Nd7 21. g6 Nxe5 22. Nxe5 Na7 23. Nxf7 Rc8 24. gxh7 Rc1+ 25. Kd2 Rxh1 26. h8Q Rxh8 27. Nxh8 Kf6 28. Ke2 g6 29. Kf3 Kg7 30. Kf4 Kf6 31. Nxg6 Kxg6 32. Ke5 Kf7 33. Kd6 Nb5+ 34. Kc5 Nc7 35. Kb6 Ne8 36. Kxa5 Nd6 37. b4 Nc4+ 38. Ka4 Kf6 39. b5 b6 40. Kb4 Kf5 41. f3 Nxe3 42. g4+ Kf4 43. a4 Nc4 44. Kc3 Nd6 45. Kb4 Nc4 46. Kc3 e5 47. dxe5 Kxe5 48. f4+ Kxf4 49. Kd4 1/2-1/2